000 00636nam a2200193Ia 4500
003 IN-BaIIA
008 211028s9999 xx 000 0 eng d
040 _cIIA Library
080 _a083.7:69.025.356
_bISI
110 _aIndian Standards Institution
245 0 _aIndian Standard Code of Practice for Laying of Flexible PVC Sheet and Tile Flooring
_cIndian Standards Institution
260 _aNew Delhi
_bIndian Standards Institution
_c1970
300 _a12p.
650 _aNASA Thesaurus
650 _aPVC Sheets
_914812
650 _aStandards
_98876
650 _aTile Flooring
_914813
942 _cBK
999 _c8806
_d8806